Welcome to the Holygrace Academy Library

Please use search bar below to get started

THEEKKADAL KADANHU THIRUMADHURAM (Record no. 8681)

MARC details
000 -LEADER
fixed length control field 00400nam a22001457a 4500
082 ## - DEWEY DECIMAL CLASSIFICATION NUMBER
Classification number 920
Item number RAD/T
100 ## - MAIN ENTRY--AUTHOR NAME
Personal name RADHAKRISHNAN, C
245 ## - TITLE STATEMENT
Title THEEKKADAL KADANHU THIRUMADHURAM
246 ## - VARYING FORM OF TITLE
Title proper/short title THEEKKADAL KADANHU THIRUMADHURAM
Remainder of title THEEKKADAL KADANHU THIRUMADHURAM
260 ## - PUBLICATION, DISTRIBUTION, ETC. (IMPRINT)
Place of publication KOCHI, INDIA
Name of publisher HI-TECH
Year of publication 2024
300 ## - PHYSICAL DESCRIPTION
Number of Pages 490
520 ## - SUMMARY, ETC.
Summary, etc BIOGRAPHY OF ULLOOR
650 ## - SUBJECT ADDED ENTRY--TOPICAL TERM
Topical Term MALAYALAM BIOGRAPHY
942 ## - ADDED ENTRY ELEMENTS (KOHA)
Koha item type Books
Holdings
Withdrawn status Lost status Collection code Home library Current library Shelving location Date acquired Source of acquisition Cost, normal purchase price Full call number Accession Number Koha item type
    Non-fiction Main Library Main Library NEW SHELF WITH NEW ENTRY 06/05/2024 PURCHASED 695.00 920 RAD/T 13615 Books